00460 a2200157 450000500170000002000220001708200150003910000160005424500530007025000130012326000370013630000620017370000190023570000210025470000270027520250627125342.0 a978-0-07-304849-9 a346.73 REE aREED, L . O aThe Legal and Regulatory Environment of Business a14th Ed. aBostonbMcGraw-Hill Irwinc2008. axl.664p.: ill.; picturesbAppendix, Index, Glossaryc25cm aPeter J. Shedd aJere W. Morehead aMarisa Anne Pagnattaro